| 000 | 00619nam a2200217Ia 4500 | ||
|---|---|---|---|
| 008 | 160303s9999 xx 000 0 und d | ||
| 020 | _a971-08-6457-2 | ||
| 050 | _aFIL BF 121 | ||
| 050 | _b.K34 2004 c.2 | ||
| 100 | _aKahayon, Alicia Hernandez - | ||
| 245 | _aPsychology towards a new millenium / | ||
| 245 | _cAlicia Hernandez- Kahayon, Rita Teresa Villacarlos-Berba. | ||
| 260 | _aMandaluyong: | ||
| 260 | _bNational Book Store, | ||
| 260 | _c2009 | ||
| 300 | _a438 pages : | ||
| 300 | _billustrations ; | ||
| 300 | _c22 cm. | ||
| 500 | _aIncludes bibliographical references. | ||
| 650 | _aPsychology. | ||
| 999 |
_c291124 _d291124 |
||